Nibandhāloka / (Record no. 80839)

MARC details
000 -LEADER
fixed length control field 00559cam a22002054a 4500
001 - CONTROL NUMBER
control field sa 68005642
003 - CONTROL NUMBER IDENTIFIER
control field DLC
005 - DATE AND TIME OF LATEST TRANSACTION
control field 20260227112510.0
008 - FIXED-LENGTH DATA ELEMENTS--GENERAL INFORMATION
fixed length control field 890628s1968 ii 000 0 hino
010 ## - LIBRARY OF CONGRESS CONTROL NUMBER
LC control number sa 68005642
035 ## - SYSTEM CONTROL NUMBER
System control number (OCoLC)19943890
040 ## - CATALOGING SOURCE
Original cataloging agency DLC
Transcribing agency DLC
050 00 - LIBRARY OF CONGRESS CALL NUMBER
Classification number PK2033
Item number .N53 1968
245 00 - TITLE STATEMENT
Title Nibandhāloka /
Statement of responsibility, etc. sampādaka, Vinaya.
260 ## - PUBLICATION, DISTRIBUTION, ETC.
Place of publication, distribution, etc. Dillī :
Name of publisher, distributor, etc. Hindī Sāhitya Kendra,
Date of publication, distribution, etc. 1968.
300 ## - PHYSICAL DESCRIPTION
Extent 12, 288 p. ;
Dimensions 22 cm.
546 ## - LANGUAGE NOTE
Language note In Hindi.
650 #0 - SUBJECT ADDED ENTRY--TOPICAL TERM
Topical term or geographic name entry element Hindi literature
General subdivision History and criticism.
700 0# - ADDED ENTRY--PERSONAL NAME
Personal name Vinaya,
Dates associated with a name 1937-

No items available.

Powered by Koha